| 000 | 01314 a2200301 4500 | ||
|---|---|---|---|
| 003 | Nust | ||
| 005 | 20230123092849.0 | ||
| 010 | _a 99017596 | ||
| 020 | _a0335203892 (hardcover) | ||
| 020 | _a8176491047 | ||
| 040 | _cNust | ||
| 082 | 0 | 0 | _a370.72,BEL |
| 100 | 1 | _aBell, Judith, | |
| 245 | 1 | 0 |
_aDoing your research project : _ba guide for first-time researchers in education and social science / _cJudith Bell. |
| 250 | _a3rd ed. | ||
| 260 |
_aBuckingham [England] ; _aPhiladelphia : _bOpen University Press, _c1999. |
||
| 300 |
_axiv, 230 p. : _bill. ; _c22 cm. |
||
| 505 | _aPart 1:- Preparing the Ground (Page-5), Part 2:- Selecting methods of Data collection (Page-99), Part 3:- Interpreting the Evidence and Reporting the Findings (Page-169). | ||
| 650 | 0 |
_aEducation _xResearch _xMethodology. _94360 |
|
| 650 | 0 |
_aEducation _xResearch. _934932 |
|
| 650 | 0 |
_aIndependent study. _9107340 |
|
| 650 | 0 |
_aSocial sciences _xResearch _xMethodology. |
|
| 650 | 0 |
_aSocial sciences _xResearch. |
|
| 856 | 4 | 2 |
_3Contributor biographical information _uhttp://www.loc.gov/catdir/bios/mh051/99017596.html |
| 856 | 4 | 2 |
_3Publisher description _uhttp://www.loc.gov/catdir/description/mh051/99017596.html |
| 856 | 4 | 2 |
_3Table of contents _uhttp://www.loc.gov/catdir/toc/mh051/99017596.html |
| 942 |
_2ddc _cBK _k370.72,BEL |
||
| 999 |
_c187079 _d187079 |
||